تا ر يخ شا ہجہا ن پو ر -نا مہ ا عجا ز ی ا لمعر و ف بہ تا ر يخ صبيح (Record no. 176378)

MARC details
000 -LEADER
fixed length control field 00969nam a22001937a 4500
005 - DATE AND TIME OF LATEST TRANSACTION
control field 20201230151821.0
010 ## - LCCN (DPL NO)
LC control number UR-10968
020 ## - INTERNATIONAL STANDARD BOOK NUMBER
Terms of availability 700.00
International Standard Book Number 9789389733112
035 ## - SYSTEM CONTROL NUMBER
System control number U-9523
037 ## - SOURCE OF ACQUISITION
Source of stock number/acquisition DBAD/PUB
082 ## - DEWEY DECIMAL CLASSIFICATION NUMBER
Classification number 954.621
100 ## - MAIN ENTRY--PERSONAL NAME
Personal name مو لف؛ محمد صبيح ا لد ين ميا ں صا حب خليل شا ہ جہا ں پو ر ی
245 ## - TITLE STATEMENT
Title تا ر يخ شا ہجہا ن پو ر -نا مہ ا عجا ز ی ا لمعر و ف بہ تا ر يخ صبيح
Statement of responsibility, etc مو لف؛ محمد صبيح ا لد ين ميا ں صا حب خليل شا ہ جہا ں پو ر ی
246 ## - VARYING FORM OF TITLE
Remainder of title Tareekh Shahjahan Pur-Nama-e-Aejazi Almaroof Ba Tareekh-e-Sabhih (Urdu)
Title proper/short title Mohd Sabhiuddin Mian KhaleelShahjan Puri
260 ## - PUBLICATION, DISTRIBUTION, ETC. (IMPRINT)
Place of publication, distribution, etc N.Delhi
Name of publisher, distributor, etc Educational Publishing House
Date of publication, distribution, etc 2019 ء
270 ## - ADDRESS
Address H.O.D1/16,Ansari Road,Darya ganj,
City N.Delhi
Postal code 110002
Telephone number 45678285,23216162
Fax number 0091-11-23211540
300 ## - PHYSICAL DESCRIPTION
Extent 597 ص
Dimensions 22 Cm(Hb)
942 ## - ADDED ENTRY ELEMENTS (KOHA)
Source of classification or shelving scheme Dewey Decimal Classification
Item type Urdu Bks
Classification part 954.621
Call number suffix و س ی
Holdings
Withdrawn status Lost status Not for loan Collection code Home library Current library Date acquired Source of acquisition Cost, normal purchase price Full call number Barcode Copy number Cost, replacement price Koha item type
      Non-fiction D.B.Act.Division D.B.Act.Division 16/12/2020 DBAD/PUB 700.00 954.621 و س ی U-9523 1 700.00 Urdu Bks

© Delhi Public Library
Hit Counter
free hit counter